Economic study on the impact of effluents of SSI on agricultural land in Coimbatore region (Record no. 13105)
[ view plain ]
| 000 -LEADER | |
|---|---|
| fixed length control field | 00692nam a2200181Ia 4500 |
| 082 ## - DEWEY DECIMAL CLASSIFICATION NUMBER | |
| Classification number | RP 0283 |
| 100 ## - MAIN ENTRY--AUTHOR NAME | |
| Personal name | Pandi, S.Jagadees |
| 245 #0 - TITLE STATEMENT | |
| Title | Economic study on the impact of effluents of SSI on agricultural land in Coimbatore region |
| Sub Title | : |
| 260 ## - PUBLICATION, DISTRIBUTION, ETC. (IMPRINT) | |
| Year of publication | 2008 |
| Name of publisher | Indian Council of Social Science Research, New Delhi |
| 300 ## - PHYSICAL DESCRIPTION | |
| Number of Pages | 133 |
| 504 ## - BIBLIOGRAPHY, ETC. NOTE | |
| Bibliography, etc | includes appendices and bibliography |
| 650 ## - SUBJECT ADDED ENTRY--TOPICAL TERM | |
| Topical Term | Land treatment of waste water |
| Geographic subdivision | India |
| -- | Coimbatore region |
| 650 ## - SUBJECT ADDED ENTRY--TOPICAL TERM | |
| Topical Term | Water |
| Form subdivision | Pollution |
| Geographic subdivision | India |
| -- | Coimbatore region |
| 650 ## - SUBJECT ADDED ENTRY--TOPICAL TERM | |
| Topical Term | Agriculture |
| Geographic subdivision | India |
| -- | Coimbatore region |
| 650 ## - SUBJECT ADDED ENTRY--TOPICAL TERM | |
| Topical Term | Land use |
| Geographic subdivision | India |
| -- | Coimbatore region |
| 710 ## - ADDED ENTRY--CORPORATE NAME | |
| Corporate name or jurisdiction name as entry element | Sree Saraswati Thyagaraja College, New Delhi |
| 942 ## - ADDED ENTRY ELEMENTS (KOHA) | |
| Koha item type | Research Reports |
| Source of classification or shelving scheme | Dewey Decimal Classification |
| Withdrawn status | Lost status | Damaged status | Not for loan | Collection code | Home library | Current library | Date acquired | Source of acquisition | Bill Date | Full call number | Accession Number | Price effective from | Koha item type |
|---|---|---|---|---|---|---|---|---|---|---|---|---|---|
| Not For Loan | ICSSR Research Project Reports | NASSDOC Library | NASSDOC Library | 27/07/2012 | Gifted by : RP Division, ICSSR | 2012-07-13 | RP 0283 | 47825 | 18/04/2019 | Research Reports |
